Trương Tuyết Mai : Tập ca khúc.

保存先:
書誌詳細
フォーマット: 図書
言語:Vietnamese
出版事項: Tp.HCM : Văn nghệ, 2004.
主題:
タグ: タグ追加
タグなし, このレコードへの初めてのタグを付けませんか!
Thư viện lưu trữ: Mạng thư viện Đại học Đà Nẵng
LEADER 01000cam a2200325 a 4500
001 000043864
003 1977
005 20060503143214.0
008 010217b2004 vm 000 vie
020 |c 79000 
040 |a LRC  |c LRC  |d LRC 
041 0 |a vie 
082 1 4 |a 781.3  |b Tr-T 
245 0 0 |a Trương Tuyết Mai :  |b Tập ca khúc. 
260 |a Tp.HCM :  |b Văn nghệ,  |c 2004. 
300 |a 215 tr. :  |b mh. ;  |c 26 cm. 
630 0 4 |a Âm nhạc. 
650 0 4 |a Trương Tuyết Mai,  |d 1944-,  |x Ca khúc. 
OWN |a DUT 
AVA |a UDN50  |b DUT  |c Book  |d 781.3 Tr-T  |e available  |t Error 5001 Not defined in file expand_doc_bib_avail.  |f 2  |g 0  |h N  |i 0  |j SH  |k 1 
999 |a From the UDN01 
AVA |a UDN50  |b DUT  |c Book  |d 781.3 Tr-T  |e available  |t Error 5001 Not defined in file expand_doc_bib_avail.  |f 2  |g 0  |h N  |i 0  |j SH  |k 1 
TYP |a Monograph 
TYP |a Printed language 
980 |a Mạng thư viện Đại học Đà Nẵng